| 000 | 00613nam a2200229Ia 4500 | ||
|---|---|---|---|
| 008 | 180523s9999 xx 000 0 und d | ||
| 020 | _a981-265-786-X | ||
| 050 | _aMAIN BF 201 | ||
| 050 | _b.S74 2006 | ||
| 100 | _aSternberg, Robert J. | ||
| 245 | 0 | _aCognitive psychology / | |
| 245 | 0 | _cRobert J. Sternberg, Jeff Mio. | |
| 250 | _a4th Edition | ||
| 260 | _aSingapore : | ||
| 260 | _bThomson Learning, | ||
| 260 | _c2006 | ||
| 300 | _a595 pages : | ||
| 300 | _billustrations ; | ||
| 300 | _c23 cm. | ||
| 500 | _aIncludes bibiliographical references and index. | ||
| 650 | _aCognitive psychology | ||
| 999 |
_c356559 _d356559 |
||